1554 1190 1023 1636 1690 1856 1729 1478 1063 1985 1037 1454 1481 1585 1255 1391 1032 1476 1236 1043 1469 1685 1947 1780 1408 1080 1632 1490 1110 1903 1315 1175 1875 1404 1764 1037 1347 1430 1885 1304 1975 1737 1920 1720 1301 1395 1916 1965 1221 1902 1817 1218 1662 1458 1859 1839 1147 1439 1803 1096 1781 1721 1061 1486 1054 1268 1326 1035 1133 1534 1256 1826 1949 1471 1423 1856 1058 1900 1261 1403 1773 1187 1156 1087 1716 1282 1995 1376 1372 1695 1414 1999 1125 1593 1284 1702 1666 1156 1111 BCNSPRNW ULIB Ver.6.0+V

เปลี่ยนเป็นภาษาไทย

Change to English
 แสดงรายละเอียดบรรณานุกรม
  กลับหน้าหลัก

Brief Record : Get Marc (ISO 2709) : E-mail record : QR code < ปิดหน้าต่าง
LEADER : 00000nam 2200000uu 4500
001    13399121171
003     ULIB
008    020711sมปป. th a 000 0 tha d
020    9789742662226
050    LC3965
100    สุวิทย์ พวงสุวรรณ
245    ทำอย่างไรเมื่อสงสัย...ลูกเป็นเด็กแอลดี/^cสุวิทย์ พวงสุวรรณ
250    พิมพ์ครั้งที่ 1
260    นครปฐม :^bไอ.คิว.บุ๊คเซ็นเตอร์,^cม.ป.ป.
945    ^p120^l0^i17700
999    ^aทศพร เกษรทอง
รายการนี้ยังไม่มีแท็ก
คุณยังไม่ได้ล็อกอิน คุณสามารถมีกิจกรรมร่วมกับเว็บไซต์ได้ แต่ต้องล็อกอินก่อน ::
  ล็อกอิน

รายการสื่อสารสนเทศ

ลำดับที่ ประเภท เลขเรียก/บาร์โค้ด สถานที่ สถานะ
1. วิทยาศาสตร์การแพทย์ และสุขภาพ
วิทยาศาสตร์การแพทย์ และสุขภาพ
LC3965  
  Barcode: 17700
ห้องสมุดวิทยาเขตสวรรค์ประชารักษ์
►หนังสือทั่วไป
บนชั้น

BibComment


ยังไม่เคยถูกคอมเมนท์

คอมเมนท์ทรัพยากรรายการนี้
  คอมเมนท์: ทำอย่างไรเมื่อสงส..


 Copyright 2026. Bcnsprnw @Library